<?xml version="1.0" encoding="UTF-8"?>
<collection xmlns:xsi="http://www.w3.org/2001/XMLSchema-instance" xsi:schemaLocation="http://www.loc.gov/MARC21/slim http://www.loc.gov/standards/marcxml/schema/MARC21slim.xsd" xmlns="http://www.loc.gov/MARC21/slim">
 <record>
  <leader>00000cam a22000004i 4500</leader>
  <controlfield tag="001">UP-99796217612442054</controlfield>
  <controlfield tag="003">Buklod</controlfield>
  <controlfield tag="005">20170421133145.0</controlfield>
  <controlfield tag="006">a     r    |||| u|</controlfield>
  <controlfield tag="007">ta</controlfield>
  <controlfield tag="008">170421s2016    xx     d     r    |||| u|</controlfield>
  <datafield tag="020" ind1=" " ind2=" ">
   <subfield code="a">9781446282199 (pbk.)</subfield>
  </datafield>
  <datafield tag="035" ind1=" " ind2=" ">
   <subfield code="a">(iLib)UPD-00261915417</subfield>
  </datafield>
  <datafield tag="040" ind1=" " ind2=" ">
   <subfield code="a">DCHK</subfield>
   <subfield code="e">rda</subfield>
  </datafield>
  <datafield tag="041" ind1=" " ind2=" ">
   <subfield code="a">eng</subfield>
  </datafield>
  <datafield tag="090" ind1=" " ind2=" ">
   <subfield code="a">GV 713</subfield>
   <subfield code="b">C66 2016</subfield>
  </datafield>
  <datafield tag="245" ind1="0" ind2="0">
   <subfield code="a">Contemporary issues in sport management</subfield>
   <subfield code="b">a critical introduction</subfield>
   <subfield code="c">edited by Terri Byers.</subfield>
  </datafield>
  <datafield tag="264" ind1=" " ind2="1">
   <subfield code="a">London</subfield>
   <subfield code="b">SAGE Publications</subfield>
   <subfield code="c">2016.</subfield>
  </datafield>
  <datafield tag="300" ind1=" " ind2=" ">
   <subfield code="a">xxii, 514 pages</subfield>
   <subfield code="c">24 cm.</subfield>
  </datafield>
  <datafield tag="336" ind1=" " ind2=" ">
   <subfield code="a">text</subfield>
   <subfield code="2">rdacontent</subfield>
  </datafield>
  <datafield tag="337" ind1=" " ind2=" ">
   <subfield code="a">unmediated</subfield>
   <subfield code="2">rdamedia</subfield>
  </datafield>
  <datafield tag="338" ind1=" " ind2=" ">
   <subfield code="a">volume</subfield>
   <subfield code="2">rdacarrier</subfield>
  </datafield>
  <datafield tag="505" ind1="0" ind2=" ">
   <subfield code="a">Part One: Global issues --</subfield>
   <subfield code="t">Global sport: impact on corporations and institutions</subfield>
   <subfield code="r">Oliver Rick, Callie Batts-Maddox and David L. Andrews --</subfield>
   <subfield code="t">The commercialization of sport</subfield>
   <subfield code="r">Patrick A. Reid and Daniel S. Mason --</subfield>
   <subfield code="t">Technology and innovation</subfield>
   <subfield code="r">Antonio Davila and George Foster --</subfield>
   <subfield code="t">Corruption in sport</subfield>
   <subfield code="r">Wladimir Andreff --</subfield>
   <subfield code="t">The global economics of sport</subfield>
   <subfield code="r">Chris Gratton, Donfeng Liu, Girish Ramchandani and Darryl Wilson --</subfield>
   <subfield code="t">Ethical behavior and values in sport</subfield>
   <subfield code="r">Gabriela Tymowski, Terri Byers and Fred Mason --</subfield>
   <subfield code="t">Politics and sport governance</subfield>
   <subfield code="r">Russell Holden --</subfield>
   <subfield code="t">International sport law</subfield>
   <subfield code="r">Kevin Carpenter --</subfield>
   <subfield code="t">Media and communications</subfield>
   <subfield code="r">Andrea Geurin-Eagleman --</subfield>
   <subfield code="t">Human resource management in sport</subfield>
   <subfield code="r">Shannon Kerwin --</subfield>
   <subfield code="t">Strategic management</subfield>
   <subfield code="r">Danny O'Brien and Ben Corbett --</subfield>
   <subfield code="t">Animals in sport</subfield>
   <subfield code="r">Andrew Byers and Dene Stansall.</subfield>
  </datafield>
  <datafield tag="505" ind1="0" ind2=" ">
   <subfield code="a">Part Two: National issues --</subfield>
   <subfield code="t">Sport policy</subfield>
   <subfield code="r">Jiandong Yi --</subfield>
   <subfield code="t">Mega sport events</subfield>
   <subfield code="r">Kamilia Swart --</subfield>
   <subfield code="t">Sport participation</subfield>
   <subfield code="r">Jason Bocarro and Michael Edwards --</subfield>
   <subfield code="t">Leadership</subfield>
   <subfield code="r">Mark McDonald and Kirsty Spence --</subfield>
   <subfield code="t">Gender</subfield>
   <subfield code="r">Annelies Knoppers and Agnes Elling-Machartzi --</subfield>
   <subfield code="t">Performance management</subfield>
   <subfield code="t">Leigh Robinson and Mathieu Winand --</subfield>
   <subfield code="t">Doping</subfield>
   <subfield code="r">Aaron Smith and Bob Stewart --</subfield>
   <subfield code="t">Gambling and the sports betting industry</subfield>
   <subfield code="r">David Forrest --</subfield>
   <subfield code="t">Funding for sport</subfield>
   <subfield code="r">Elwyn Cox --</subfield>
   <subfield code="t">Match fixing in international sport</subfield>
   <subfield code="r">Andrew Harvey and Haim Levi --</subfield>
   <subfield code="t">Disability sport</subfield>
   <subfield code="r">Ian Brittain.</subfield>
  </datafield>
  <datafield tag="505" ind1="0" ind2=" ">
   <subfield code="a">Part Three: Organizational issues --</subfield>
   <subfield code="t">Ownership</subfield>
   <subfield code="r">John Beech --</subfield>
   <subfield code="t">Social media challenges</subfield>
   <subfield code="r">Sebastian Kopera --</subfield>
   <subfield code="t">Managing social media in sport</subfield>
   <subfield code="r">Olan Scott, Katherine Bruffy and Michael Naylor --</subfield>
   <subfield code="t">Brand management in sport</subfield>
   <subfield code="r">Jonathon Edwards --</subfield>
   <subfield code="t">Crisis management</subfield>
   <subfield code="r">Stacey Hall --</subfield>
   <subfield code="t">Sexuality: homohysteria and coming out in sport</subfield>
   <subfield code="r">Ryan Scoats and Eric Anderson --</subfield>
   <subfield code="t">Fan loyalty in sport</subfield>
   <subfield code="r">Joerg Koenigstorfer --</subfield>
   <subfield code="t">Trust and control in sport organizations</subfield>
   <subfield code="r">Terri Byers and Alex Thurston --</subfield>
   <subfield code="t">Sponsorship in sport</subfield>
   <subfield code="r">Nicolas Chanavat and Guillaume Bodet --</subfield>
   <subfield code="t">Athlete transgressions: implications for sport managers</subfield>
   <subfield code="r">Kate Westberg, Constantino Stavros, BRadley Wilson and Aaron Smith --</subfield>
   <subfield code="t">Corporate social responsibility of and through sport</subfield>
   <subfield code="r">Christos Anagnostopoulos and Dimitrios Kolyperas.</subfield>
  </datafield>
  <datafield tag="505" ind1="0" ind2=" ">
   <subfield code="a">Part Four: Employability --</subfield>
   <subfield code="t">Conclusions: the employability 'race' in sport management</subfield>
   <subfield code="r">Terri Byers.</subfield>
  </datafield>
  <datafield tag="650" ind1=" " ind2="0">
   <subfield code="a">Sports administration.</subfield>
  </datafield>
  <datafield tag="658" ind1=" " ind2=" ">
   <subfield code="a">Mgnt. of Sports &amp; Recreation Related Services</subfield>
   <subfield code="c">PEd 190.</subfield>
  </datafield>
  <datafield tag="658" ind1=" " ind2=" ">
   <subfield code="a">Leisure Education</subfield>
   <subfield code="c">HMS 231.</subfield>
  </datafield>
  <datafield tag="658" ind1=" " ind2=" ">
   <subfield code="a">Management of Leisure</subfield>
   <subfield code="c">HMS 232.</subfield>
  </datafield>
  <datafield tag="700" ind1="1" ind2=" ">
   <subfield code="a">Byers, Terri</subfield>
   <subfield code="e">editor.</subfield>
  </datafield>
  <datafield tag="905" ind1=" " ind2=" ">
   <subfield code="a">FO</subfield>
  </datafield>
  <datafield tag="852" ind1="0" ind2=" ">
   <subfield code="a">UPD</subfield>
   <subfield code="b">DCHK</subfield>
   <subfield code="h">GV 713</subfield>
   <subfield code="i">C66 2016</subfield>
  </datafield>
  <datafield tag="942" ind1=" " ind2=" ">
   <subfield code="a">Book</subfield>
  </datafield>
 </record>
</collection>
